Online
Catalog

Historia de la cultura dominicana / (Record no. 8531)

MARC details
000 -CABECERA
campo de control de longitud fija 01351nam a2200373 i 4500
001 - NÚMERO DE CONTROL
campo de control 000008762
003 - IDENTIFICADOR DEL NÚMERO DE CONTROL
campo de control DO-SdBNP
005 - FECHA Y HORA DE LA ÚLTIMA TRANSACCIÓN
campo de control 20250204073951.0
007 - CAMPO FIJO DE DESCRIPCIÓN FÍSICA--INFORMACIÓN GENERAL
campo de control de longitud fija ta
008 - DATOS DE LONGITUD FIJA--INFORMACIÓN GENERAL
campo de control de longitud fija 090918s1994 dr 001 0 spa d
040 ## - FUENTE DE LA CATALOGACIÓN
Centro catalogador/agencia de origen DO-SdBNP
Lengua de catalogación spa
Centro/agencia transcriptor BNPHU
Normas de descripción rda
082 #4 - NÚMERO DE LA CLASIFICACIÓN DECIMAL DEWEY
Número de clasificación 306.097293
Número de documento/Ítem L453h, 1994
Número de edición 22
100 1# - ENTRADA PRINCIPAL--NOMBRE DE PERSONA
Nombre de persona Lebrón Saviñon, Mariano
Fechas asociadas al nombre 1922-2014
9 (RLIN) 7227
245 10 - MENCIÓN DE TÍTULO
Título Historia de la cultura dominicana /
Mención de responsabilidad, etc. Mariano Lebrón Saviñón
250 ## - MENCIÓN DE EDICIÓN
Mención de edición 2a ed.
264 ## - PRODUCCIÓN, PUBLICACIÓN, DISTRIBUCIÓN, FABRICACIÓN Y COPYRIGHT
Producción, publicación, distribución, fabricación y copyright Santo Domingo :
Nombre del de productor, editor, distribuidor, fabricante Taller,
Fecha de producción, publicación, distribución, fabricación o copyright 1994.
300 ## - DESCRIPCIÓN FÍSICA
Extensión 3 volumen ;
Dimensiones 23 cm.
336 ## - TIPO DE CONTENIDO
Fuente rdacontent
Término de tipo de contenido texto
Código de tipo de contenido txt
337 ## - TIPO DE MEDIO
Fuente rdamedia
Nombre/término del tipo de medio sin mediación
Código del tipo de medio n
338 ## - TIPO DE SOPORTE
Fuente rdacurrier
Nombre/término del tipo de soporte volumen
Código del tipo de soporte nc
490 1# - MENCIÓN DE SERIE
Mención de serie Sesquicentenario de la independencia nacional
Designación de volumen o secuencia 9
500 ## - NOTA GENERAL
Nota general Incluye índice onomástico
500 ## - NOTA GENERAL
Nota general Incluye referencias bibliográficas y notas al pie de las páginas
504 ## - NOTA DE BIBLIOGRAFÍA, ETC.
Nota de bibliografía, etc. Incluye referencias
590 ## - NOTA LOCAL (RLIN)
Nota local Inventariado, 2018/MFF
650 #4 - PUNTO DE ACCESO ADICIONAL DE MATERIA--TÉRMINO DE MATERIA
Término de materia o nombre geográfico como elemento de entrada Cultura
Subdivisión geográfica República Dominicana
Subdivisión general Historia
9 (RLIN) 1949
650 #4 - PUNTO DE ACCESO ADICIONAL DE MATERIA--TÉRMINO DE MATERIA
Término de materia o nombre geográfico como elemento de entrada Movimientos literarios
9 (RLIN) 8573
650 #4 - PUNTO DE ACCESO ADICIONAL DE MATERIA--TÉRMINO DE MATERIA
Término de materia o nombre geográfico como elemento de entrada Literatura dominicana
Subdivisión general Historia
9 (RLIN) 1311
650 #4 - PUNTO DE ACCESO ADICIONAL DE MATERIA--TÉRMINO DE MATERIA
Término de materia o nombre geográfico como elemento de entrada Autores dominicanos
Subdivisión general Historia y crítica
9 (RLIN) 22117
651 ## - PUNTO DE ACCESO ADICIONAL DE MATERIA--NOMBRE GEOGRÁFICO
Nombre geográfico República dominicana
Subdivisión general Civilización
9 (RLIN) 7739
830 #0 - PUNTO DE ACCESO ADICIONAL DE SERIE-TÍTULO UNIFORME
Título uniforme Sesquicentenario de la independencia nacional
Número de parte o sección de la obra 9
9 (RLIN) 23298
910 ## - DATOS DE OPCIÓN DEL USUARIO (OCLC)
Datos de opción del usuario Validado. Control de calidad MMOLINA
942 ## - ELEMENTOS DE PUNTO DE ACCESO ADICIONAL (KOHA)
Fuente del sistema de clasificación o colocación Dewey Decimal Classification
Tipo de ítem Koha Libro
Holdings
Estado de retiro Estado de pérdida Fuente del sistema de clasificación o colocación Restricciones de uso No para préstamo Código de colección Localización permanente Ubicación/localización actual Ubicación en estantería Fecha de adquisición Signatura topográfica completa Código de barras Fecha visto por última vez Número de copia Precio válido a partir de Tipo de ítem Koha Número de inventario Total de préstamos
    Dewey Decimal Classification Excluido de préstamo   Patrimonio Dominicano Biblioteca Nacional Pedro Henríquez Ureña Biblioteca Nacional Pedro Henríquez Ureña Depósito 28.09.2009 BNPHU DS 306.097293 L453h, 1994 8762-100 25.06.2020 v.2, e.5 25.06.2020 Libro    
    Dewey Decimal Classification Préstamo en sala   Dominicana de Servicio Biblioteca Nacional Pedro Henríquez Ureña Biblioteca Nacional Pedro Henríquez Ureña Depósito 18.09.2009 BNPHU DS 306.097293 L453h, 1994 8762-30 25.06.2020 v.1, e.3 25.06.2020 Libro    
    Dewey Decimal Classification Préstamo en sala   Dominicana de Servicio Biblioteca Nacional Pedro Henríquez Ureña Biblioteca Nacional Pedro Henríquez Ureña Depósito 28.09.2009 BNPHU DS 306.097293 L453h, 1994 8762-40 25.06.2020 v. 1, e.4 25.06.2020 Libro    
          Patrimonio Dominicano General General Depósito 28.09.2009 306.097293 L453h, 1994 | v. 2, e. 3 8762-80 25.06.2020   25.06.2020 Libro y Folleto Colección Patrimonio Dominicano LF1  
          Patrimonio Dominicano General General Depósito 28.09.2009 306.097293 L453h, 1994 | v. 2, e. 4 8762-90 25.06.2020   25.06.2020 Libro y Folleto Colección Patrimonio Dominicano LF1  
        Excluido de préstamo Patrimonio Dominicano Patrimonio Dominicano Patrimonio Dominicano Depósito 18.09.2009 306.097293 L453h, 1994 | v. 1 8762-10 25.06.2020   25.06.2020 Libro y Folleto Colección Patrimonio Dominicano LF1  
        Excluido de préstamo Patrimonio Dominicano Patrimonio Dominicano Patrimonio Dominicano Depósito 28.09.2009 306.097293 L453h, 1994 | v. 3 8762-110 25.06.2020   25.06.2020 Libro y Folleto Colección Patrimonio Dominicano LF1  
        Excluido de préstamo Patrimonio Dominicano Patrimonio Dominicano Patrimonio Dominicano Depósito 28.04.2011 306.097293 L453h, 1994 | v. 3, e. 2 8762-120 25.06.2020   25.06.2020 Libro y Folleto Colección Patrimonio Dominicano LF1  
          Patrimonio Dominicano Patrimonio Dominicano Patrimonio Dominicano Depósito 28.04.2011 306.097293 L453h, 1994 | v. 3, e. 3 8762-130 25.06.2020   25.06.2020 Libro y Folleto Colección Patrimonio Dominicano LF1  
          Patrimonio Dominicano Patrimonio Dominicano Patrimonio Dominicano Depósito 06.05.2011 306.097293 L453h, 1994 | v. 3, e. 4 8762-140 25.06.2020   25.06.2020 Libro y Folleto Colección Patrimonio Dominicano LF1  
          Patrimonio Dominicano Patrimonio Dominicano Patrimonio Dominicano Depósito 06.05.2011 306.097293 L453h, 1994 | v. 3, e. 5 8762-150 25.06.2020   25.06.2020 Libro y Folleto Colección Patrimonio Dominicano LF1  
        Excluido de préstamo Patrimonio Dominicano Patrimonio Dominicano Patrimonio Dominicano Depósito 18.09.2009 306.097293 L453h, 1994 | v. 1, e. 2 8762-20 25.06.2020   25.06.2020 Libro y Folleto Colección Patrimonio Dominicano LF1  
        Excluido de préstamo Patrimonio Dominicano Patrimonio Dominicano Patrimonio Dominicano Depósito 28.09.2009 306.097293 L453h, 1994 | v. 1, e. 5 8762-50 25.06.2020   25.06.2020 Libro y Folleto Colección Patrimonio Dominicano LF1  
        Excluido de préstamo Patrimonio Dominicano Patrimonio Dominicano Patrimonio Dominicano Depósito 28.09.2009 306.097293 L453h, 1994 | v. 2 8762-60 25.06.2020   25.06.2020 Libro y Folleto Colección Patrimonio Dominicano LF1  
        Excluido de préstamo Patrimonio Dominicano Patrimonio Dominicano Patrimonio Dominicano Depósito 28.09.2009 306.097293 L453h, 1994 | v. 2, e. 2 8762-70 25.06.2020   25.06.2020 Libro y Folleto Colección Patrimonio Dominicano LF1  

Powered by Koha